000 004570000a22001810004500
003 MACL
005 20151229181552.0
008 151229b xxu||||| |||| 00| 0 eng d
040 _aMACL
_cMACL
041 _aEnglish
082 _a181.4/SRI
100 _aSrinivasachari, P N
_924029
245 _aThe Philosophy of Visistadvaita
260 _bThe Adyar Library
_c1946
350 _a25
650 _aOriental philosophy
_9339
942 _cBK
_k181.4/SRI
_2ddc
999 _c34758
_d34758